书目信息 |
| 题名: |
数据结构实验教程
|
|
| 作者: | 张凤琴 , 高晓军 , 高晓兵 编著 | |
| 分册: | ||
| 出版信息: | 北京 北京交通大学出版社 2006.06 |
|
| 页数: | 175页 | |
| 开本: | 26cm | |
| 丛书名: | ||
| 单 册: | ||
| 中图分类: | TP311.12-33 | |
| 科图分类: | ||
| 主题词: | 数据结构--shu ju jie gou--实验--高等学校--教材 | |
| 电子资源: | ||
| ISBN: | 7-81082-782-0 | |
| 000 | 01008nam0 2200265 450 | |
| 001 | 012006455145 | |
| 005 | 20070611092458.56 | |
| 010 | @a7-81082-782-0@dCNY18.00 | |
| 100 | @a20061213d2006 km y0chiy0120 ea | |
| 101 | 0 | @achi |
| 102 | @aCN@b110000 | |
| 105 | @ay z 000yy | |
| 200 | 1 | @a数据结构实验教程@Ashu ju jie gou shi yan jiao cheng@f高晓兵 … [编] 编著@Fgao xiao bing…[bian]bian zhu |
| 210 | @a北京@c北京交通大学出版社@d2006.06 | |
| 215 | @a175页@d26cm | |
| 300 | @a21世纪高等学校电子信息类专业规划教材 | |
| 304 | @a责任者还有: 张凤琴, 高晓军, 万能 | |
| 330 | @a本书在数据结构的每个知识点上均给出了多个实验项目, 且 在每个实验项目中包括实验项目、任务分析、程序构思、源程序、测试数据、注意事项及 思考问题等。 | |
| 606 | 0 | @a数据结构@Ashu ju jie gou@x实验@x高等学校@j教材 |
| 690 | @aTP311.12-33@v4 | |
| 701 | 0 | @a张凤琴@Azhang feng qin@4编著 |
| 701 | 0 | @a高晓军@Agao xiao jun@4编著 |
| 701 | 0 | @a高晓兵@Agao xiao bing@4编著 |
| 801 | 0 | @aCN@c20070611 |
| 905 | @a10447@dTP311.12-33@eG190 | |
| 数据结构实验教程/高晓兵 … [编] 编著.-北京:北京交通大学出版社,2006.06 |
| 175页;26cm |
| 21世纪高等学校电子信息类专业规划教材 |
| ISBN 7-81082-782-0:CNY18.00 |
| 本书在数据结构的每个知识点上均给出了多个实验项目, 且 在每个实验项目中包括实验项目、任务分析、程序构思、源程序、测试数据、注意事项及 思考问题等。 |
| ● |
| 相关链接 |
|
|
|
正题名:数据结构实验教程
索取号:TP311.12-33/G190
 
预约/预借
| 序号 | 登录号 | 条形码 | 馆藏地/架位号 | 状态 | 备注 |
| 1 | 232499 | 202324993 | 期刊室512/301自科库 69排2列2层/ [索取号:TP311.12-33/G190] | 在馆 | |
| 2 | 232500 | 202325000 | 期刊室512/301自科库 69排2列2层/ [索取号:TP311.12-33/G190] | 在馆 |